[Event "Harrogate 4NCL op-B 31st"]
[Site "Harrogate"]
[Date "2024.01.19"]
[Round "1"]
[White "Wilson, Graham J"]
[Black "Mulleady, Peter J"]
[Result "0-1"]
[WhiteElo "1785"]
[BlackElo "1945"]
[PlyCount "76"]
[EventDate "2024.01.19"]
[EventType "swiss"]
[EventRounds "5"]
[EventCountry "ENG"]
[SourceTitle "CB06_2024"]
[SourceDate "2024.02.07"]
[SourceVersion "1"]
[SourceVersionDate "2024.02.07"]
[SourceQuality "1"]

1. e4 c5 2. Nf3 Nc6 3. d4 cxd4 4. Nxd4 Nf6 5. Nc3 e5 6. Ndb5 d6 7. Nd5 Nxd5 8. exd5 Nb8 9. c4 Be7 10. Bd3 0-0 11. 0-0 a6 12. Nc3 f5 13. f3 Nd7 14. Bd2 Nf6 15. Qc2 Kh8 16. a3 Bd7 17. Rfe1 Nh5 18. b4 Rc8 19. Rac1 Bg5 20. c5 dxc5 21. Rxe5 Bf6 22. Ree1 cxb4 23. axb4 Qb6+ 24. Kh1 Qxb4 25. Rb1 Qc5 26. Rxb7 Bxc3 27. Rxd7 Bxd2 28. Qxd2 Nf6 29. Bxf5 Nxd7 30. Bxd7 Qc2 31. Qe3 Rb8 32. Qe7 Qc3 33. Bg4 g6 34. d6 a5 35. d7 h5 36. h4 hxg4 37. Qxf8+ Rxf8 38. Re8 Qf6 0-1

[Event "BCF-chT 2122 (4NCL)"]
[Site "England"]
[Date "2022.05.01"]
[Round "8.124"]
[White "Mulleady, Peter J"]
[Black "Kueh, Audrey"]
[Result "1/2-1/2"]
[WhiteElo "1933"]
[BlackElo "2107"]
[PlyCount "37"]
[EventDate "2021.11.27"]
[EventType "team-swiss"]
[EventRounds "11"]
[EventCountry "ENG"]
[SourceTitle "EXT 2023"]
[Source "ChessBase"]
[SourceDate "2022.10.05"]
[SourceVersion "1"]
[SourceVersionDate "2022.10.05"]
[SourceQuality "1"]
[WhiteTeam "Manchester Manticores"]
[BlackTeam "The Sharks II"]
[WhiteTeamCountry "ENG"]
[BlackTeamCountry "ENG"]

1. e4 c6 2. d4 d5 3. exd5 cxd5 4. Nf3 Nc6 5. Bb5 Nf6 6. h3 Qa5+ 7. Nc3 Ne4 8. Bd2 Nxd2 9. Qxd2 Bf5 10. Nxd5 Qxd2+ 11. Kxd2 0-0-0 12. Bxc6 bxc6 13. Ne3 Be4 14. Kc3 Bxf3 15. gxf3 g6 16. Rad1 Bg7 17. Kc4 Rd6 18. Rd3 Rhd8 19. Rhd1 1/2-1/2

[Event "BCF-chT 2122 (4NCL)"]
[Site "England"]
[Date "2022.02.12"]
[Round "3.123"]
[White "Mulleady, Peter J"]
[Black "Brooks, Phil J"]
[Result "1/2-1/2"]
[WhiteElo "1933"]
[BlackElo "2165"]
[PlyCount "116"]
[EventDate "2021.11.27"]
[EventType "team-swiss"]
[EventRounds "11"]
[EventCountry "ENG"]
[SourceTitle "EXT 2023"]
[Source "ChessBase"]
[SourceDate "2022.10.05"]
[SourceVersion "1"]
[SourceVersionDate "2022.10.05"]
[SourceQuality "1"]
[WhiteTeam "Manchester Manticores"]
[BlackTeam "Warwicks Select"]
[WhiteTeamCountry "ENG"]
[BlackTeamCountry "ENG"]

1. e4 e6 2. d4 d5 3. e5 c5 4. c3 Qb6 5. Nf3 Nc6 6. Be2 cxd4 7. cxd4 Nh6 8. Na3 Bxa3 9. bxa3 Nf5 10. Be3 Qa5+ 11. Qd2 Qxa3 12. 0-0 0-0 13. Rab1 Nxe3 14. Qxe3 Qxe3 15. fxe3 b6 16. Rfc1 Bb7 17. Nd2 Rfc8 18. Nb3 Nd8 19. Kf2 Rxc1 20. Rxc1 Rc8 21. Rxc8 Bxc8 22. Ke1 Bd7 23. Kd2 Kf8 24. Bd3 h6 25. Nc1 Nc6 26. Kc3 Ne7 27. Kb4 a5+ 28. Kc3 Nc6 29. a3 Ke7 30. Ne2 f6 31. exf6+ gxf6 32. Nf4 Na7 33. g3 Nb5+ 34. Bxb5 Bxb5 35. Nh5 Be8 36. Nf4 Kd6 37. Nd3 Bh5 38. Nf4 Bf3 39. Nd3 e5 40. Nc1 Bd1 41. Nd3 Be2 42. Nf2 Kc6 43. h4 Kd6 44. Kd2 Bf3 45. Kc3 Ke6 46. Nd3 Be2 47. Nf2 Kf5 48. Kd2 Bf3 49. Kc3 Be2 50. Kd2 Bc4 51. Kc2 exd4 52. exd4 b5 53. Kc3 h5 54. Kc2 Bf1 55. Kc3 Ke6 56. Nd1 Be2 57. Ne3 Bc4 58. Kc2 Be2 1/2-1/2

[Event "BCF-chT2b 1920 (4NCL)"]
[Site "Daventry"]
[Date "2020.01.11"]
[Round "3.87"]
[White "Mulleady, Peter J"]
[Black "Stimpson, Philip M"]
[Result "1/2-1/2"]
[WhiteElo "1930"]
[BlackElo "1941"]
[PlyCount "39"]
[EventDate "2020.01.11"]
[EventType "team-tourn"]
[EventRounds "11"]
[EventCountry "ENG"]
[SourceTitle "CBM 194 Extra"]
[Source "ChessBase"]
[SourceDate "2020.03.31"]
[SourceVersion "1"]
[SourceVersionDate "2020.03.31"]
[SourceQuality "1"]
[WhiteTeam "Manchester Manticores"]
[BlackTeam "Guildford III"]
[WhiteTeamCountry "ENG"]
[BlackTeamCountry "ENG"]

1. e4 d5 2. exd5 Qxd5 3. Nc3 Qd8 4. Bc4 Nf6 5. Nf3 g6 6. d3 Bg7 7. Bg5 Nc6 8. a3 0-0 9. h3 a6 10. 0-0 b5 11. Ba2 Bb7 12. Re1 Qd7 13. Qd2 e6 14. Bh6 Ne7 15. Bxg7 Kxg7 16. Ne5 Qd4 17. Qe3 Nf5 18. Qxd4 Nxd4 19. Rac1 Rad8 20. Ne2 1/2-1/2

[Event "BCF-chT2 1819 (4NCL) Demotion"]
[Site "England"]
[Date "2019.05.04"]
[Round "9.78"]
[White "Kafka, Graeme"]
[Black "Mulleady, Peter J"]
[Result "1/2-1/2"]
[WhiteElo "2125"]
[BlackElo "1990"]
[PlyCount "65"]
[EventDate "2018.11.10"]
[EventType "team-tourn"]
[EventRounds "11"]
[EventCountry "ENG"]
[SourceTitle "EXT 2021"]
[Source "ChessBase"]
[SourceDate "2020.10.23"]
[SourceVersion "1"]
[SourceVersionDate "2020.10.23"]
[SourceQuality "1"]
[WhiteTeam "Grantham Sharks II"]
[BlackTeam "Manchester Manticores"]
[WhiteTeamCountry "ENG"]
[BlackTeamCountry "ENG"]

1. e4 c5 2. Nf3 Nc6 3. d4 cxd4 4. Nxd4 Nf6 5. Nc3 e5 6. Ndb5 d6 7. Bg5 a6 8. Na3 b5 9. Nd5 Be7 10. Bxf6 Bxf6 11. c4 b4 12. Nc2 a5 13. g3 0-0 14. Bg2 g6 15. Qd3 Bg7 16. Nde3 Be6 17. Rd1 Qb6 18. 0-0 Rfd8 19. b3 a4 20. Nd5 Bxd5 21. cxd5 Nd4 22. Nxd4 exd4 23. Rc1 Rdc8 24. Rc4 axb3 25. axb3 Rxc4 26. Qxc4 Qc5 27. Qxc5 dxc5 28. f4 f6 29. Rc1 Ra5 30. Bf1 Kf8 31. Bc4 Ke7 32. Re1 Kd6 33. Kf2 1/2-1/2

[Event "BCF-chT2a 1819 (4NCL)"]
[Site "England"]
[Date "2019.03.16"]
[Round "7.48"]
[White "Mulleady, Peter J"]
[Black "Sandhu, Manvith"]
[Result "1-0"]
[WhiteElo "2012"]
[BlackElo "1742"]
[PlyCount "159"]
[EventDate "2018.11.10"]
[EventType "team-tourn"]
[EventRounds "11"]
[EventCountry "ENG"]
[SourceTitle "EXT 2021"]
[Source "ChessBase"]
[SourceDate "2020.10.23"]
[SourceVersion "1"]
[SourceVersionDate "2020.10.23"]
[SourceQuality "1"]
[WhiteTeam "Manchester Manticores"]
[BlackTeam "Warwicks Select"]
[WhiteTeamCountry "ENG"]
[BlackTeamCountry "ENG"]

1. c4 c6 2. Nc3 Nf6 3. g3 d5 4. d4 e6 5. Bg2 Nbd7 6. Nf3 Be7 7. 0-0 0-0 8. Re1 b6 9. cxd5 exd5 10. Bf4 Bb7 11. Rc1 c5 12. Nb5 Bc6 13. Bc7 Qc8 14. Bd6 Bxd6 15. Nxd6 Qc7 16. Nf5 Rfe8 17. e3 Ne4 18. Nd2 Nd6 19. Nxd6 Qxd6 20. dxc5 bxc5 21. Nc4 Qe6 22. Na5 Rab8 23. Nxc6 Qxc6 24. Bxd5 Qf6 25. b3 Red8 26. e4 Ne5 27. f4 Nd7 28. Qe2 Qd4+ 29. Qe3 Qb4 30. Qc3 Qb6 31. Qc4 Qf6 32. Rcd1 Rb4 33. Qc2 Rd4 34. e5 Qb6 35. Rxd4 cxd4 36. Qc4 d3+ 37. Kg2 Qg6 38. Bxf7+ Qxf7 39. Qxf7+ Kxf7 40. e6+ Kf6 41. exd7 Rxd7 42. Rd1 Re7 43. Rxd3 Re2+ 44. Kf3 Rxa2 45. h4 Ra3 46. Ke4 Ke6 47. f5+ Kf6 48. g4 h6 49. Rc3 a5 50. Rc6+ Ke7 51. Rb6 a4 52. Re6+ Kf7 53. bxa4 Rxa4+ 54. Kf3 h5 55. g5 Rxh4 56. Ra6 Rb4 57. g6+ Kf8 58. Ra8+ Ke7 59. Rg8 Kf6 60. Rf8+ Ke7 61. Rf7+ Ke8 62. Rxg7 h4 63. f6 Rb3+ 64. Ke4 Rg3 65. Kf5 Rf3+ 66. Ke5 Kf8 67. Rh7 Rf1 68. Rxh4 Kg8 69. Rf4 Re1+ 70. Kf5 Ra1 71. Rb4 Ra8 72. Re4 Ra5+ 73. Re5 Ra8 74. Re8+ Rxe8 75. f7+ Kf8 76. fxe8Q+ Kxe8 77. Ke6 Kf8 78. Kf6 Kg8 79. g7 Kh7 80. Kf7 1-0

[Event "BCF-chT2a 1819 (4NCL)"]
[Site "England"]
[Date "2019.01.12"]
[Round "3.37"]
[White "Ther, Mate T"]
[Black "Mulleady, Peter J"]
[Result "1-0"]
[WhiteElo "1952"]
[BlackElo "2012"]
[PlyCount "98"]
[EventDate "2018.11.10"]
[EventType "team-tourn"]
[EventRounds "11"]
[EventCountry "ENG"]
[SourceTitle "EXT 2021"]
[Source "ChessBase"]
[SourceDate "2020.10.23"]
[SourceVersion "1"]
[SourceVersionDate "2020.10.23"]
[SourceQuality "1"]
[WhiteTeam "Bradford DCA Knights"]
[BlackTeam "Manchester Manticores"]
[WhiteTeamCountry "ENG"]
[BlackTeamCountry "ENG"]

1. e4 e5 2. Nf3 Nf6 3. Nc3 Nc6 4. Bb5 Nd4 5. Bc4 d6 6. Nxd4 exd4 7. Ne2 Nxe4 8. Nxd4 d5 9. Bb5+ Bd7 10. Qe2 Bc5 11. d3 Bxd4 12. dxe4 0-0 13. Bxd7 Qxd7 14. c3 Bb6 15. 0-0 Rfe8 16. Rd1 Qe6 17. Re1 dxe4 18. Be3 Rad8 19. Rad1 f5 20. b3 Qc6 21. Bxb6 axb6 22. Qe3 Qc5 23. Qxc5 bxc5 24. Kf1 Kf7 25. g3 Rd6 26. Rxd6 cxd6 27. Rd1 Ke6 28. c4 Ra8 29. Rd2 Rd8 30. Ke2 d5 31. cxd5+ Rxd5 32. Rc2 Kd6 33. h4 Rd3 34. Rc4 b5 35. Rc2 Kd5 36. Rb2 b4 37. Rb1 g6 38. Rc1 h6 39. Rh1 c4 40. bxc4+ Kxc4 41. Rb1 g5 42. hxg5 hxg5 43. Rb2 f4 44. gxf4 gxf4 45. Rb1 Rh3 46. Rb2 Rh2 47. Rc2+ Kb5 48. Rc8 e3 49. Rb8+ Kc4 1-0

[Event "Blackpool op 42nd"]
[Site "Blackpool"]
[Date "2018.03.11"]
[Round "4"]
[White "Moreby, James"]
[Black "Mulleady, Peter J"]
[Result "1-0"]
[WhiteElo "2126"]
[BlackElo "1874"]
[PlyCount "45"]
[EventDate "2018.03.09"]
[EventType "swiss"]
[EventRounds "5"]
[EventCountry "ENG"]
[SourceTitle "CBM 183 Extra"]
[Source "ChessBase"]
[SourceDate "2018.04.19"]
[SourceVersion "1"]
[SourceVersionDate "2018.04.19"]
[SourceQuality "1"]

1. Nf3 f5 2. d3 e6 3. e4 Be7 4. exf5 exf5 5. d4 Nf6 6. Bd3 d5 7. 0-0 0-0 8. Nc3 Ne4 9. Ne2 Nd7 10. Nf4 Ndf6 11. Ne5 Ng4 12. Nxg4 fxg4 13. Qe2 Nf6 14. Ne6 Bxe6 15. Qxe6+ Rf7 16. Bf4 c6 17. Be5 Qf8 18. Rae1 Bb4 19. c3 Re8 20. Qf5 Ne4 21. Qxg4 Nxf2 22. Rxf2 Rxf2 23. Qh4 1-0

[Event "Blackpool op 42nd"]
[Site "Blackpool"]
[Date "2018.03.10"]
[Round "3"]
[White "Mulleady, Peter J"]
[Black "Milson, Samuel"]
[Result "0-1"]
[WhiteElo "1874"]
[BlackElo "2101"]
[PlyCount "94"]
[EventDate "2018.03.09"]
[EventType "swiss"]
[EventRounds "5"]
[EventCountry "ENG"]
[SourceTitle "CBM 183 Extra"]
[Source "ChessBase"]
[SourceDate "2018.04.19"]
[SourceVersion "1"]
[SourceVersionDate "2018.04.19"]
[SourceQuality "1"]

1. d4 d5 2. Bf4 Nf6 3. e3 c5 4. c3 Nc6 5. Nd2 Bf5 6. Ngf3 e6 7. h3 h6 8. Be2 Qb6 9. Qb3 c4 10. Qxb6 axb6 11. 0-0 b5 12. a3 Be7 13. Ne5 Nd7 14. Nxd7 Kxd7 15. f3 g5 16. Bh2 Bg6 17. e4 Rhe8 18. exd5 exd5 19. Rfe1 Bd6 20. Bxd6 Kxd6 21. Kf2 f5 22. f4 gxf4 23. Nf3 Bf7 24. Bf1 Re4 25. Nd2 Re3 26. Rxe3 fxe3+ 27. Kxe3 b4 28. Kf4 bxc3 29. bxc3 b5 30. Nf3 Bh5 31. g4 fxg4 32. hxg4 Rf8+ 33. Kg3 Bg6 34. Nh4 Be4 35. Bg2 Bd3 36. Ra2 Ra8 37. Nf5+ Bxf5 38. gxf5 b4 39. cxb4 Nxb4 40. Re2 Rxa3+ 41. Kg4 c3 42. Re6+ Kd7 43. Rxh6 c2 44. Rh7+ Ke8 45. Rh8+ Kf7 46. Rc8 Ra1 47. Bxd5+ Nxd5 0-1

[Event "BCF-chT3N 1718 (4NCL)"]
[Site "England"]
[Date "2018.01.13"]
[Round "3.21"]
[White "Reeve, Andy K"]
[Black "Mulleady, Peter J"]
[Result "1-0"]
[WhiteElo "2011"]
[BlackElo "1911"]
[PlyCount "49"]
[EventDate "2017.11.11"]
[EventType "team-swiss"]
[EventRounds "11"]
[EventCountry "ENG"]
[SourceTitle "EXT 2020"]
[Source "ChessBase"]
[SourceDate "2019.10.17"]
[SourceVersion "1"]
[SourceVersionDate "2019.10.17"]
[SourceQuality "1"]
[WhiteTeam "3CS Oldham II"]
[BlackTeam "Manchester Manticores II"]
[WhiteTeamCountry "ENG"]
[BlackTeamCountry "ENG"]

1. c4 f5 2. Nf3 Nf6 3. g3 g6 4. Bg2 Bg7 5. 0-0 0-0 6. d3 d6 7. Nc3 e5 8. Rb1 a5 9. a3 h6 10. b4 g5 11. c5 Qe8 12. cxd6 cxd6 13. bxa5 Rxa5 14. Qb3+ Qf7 15. Qxf7+ Rxf7 16. Nb5 Ra6 17. Bd2 g4 18. Nh4 Kh7 19. Rfc1 Bd7 20. Rc7 Rf8 21. Rxb7 Bxb5 22. R1xb5 Nfd7 23. Bb4 h5 24. Bd5 Kh6 25. Be6 1-0

[Event "BCF-chT3N 1718 (4NCL)"]
[Site "England"]
[Date "2017.11.11"]
[Round "1.104"]
[White "Mulleady, Peter J"]
[Black "Denisov, Denis1111"]
[Result "1-0"]
[WhiteElo "1911"]
[BlackElo "1504"]
[PlyCount "99"]
[EventDate "2017.11.11"]
[EventType "team-swiss"]
[EventRounds "11"]
[EventCountry "ENG"]
[SourceTitle "EXT 2020"]
[Source "ChessBase"]
[SourceDate "2019.10.17"]
[SourceVersion "1"]
[SourceVersionDate "2019.10.17"]
[SourceQuality "1"]
[WhiteTeam "Manchester Manticores II"]
[BlackTeam "3CS Oldham III"]
[WhiteTeamCountry "ENG"]
[BlackTeamCountry "ENG"]

1. d4 Nf6 2. Bf4 e6 3. e3 c5 4. c3 d5 5. Nd2 Bd6 6. Bg3 Bxg3 7. hxg3 cxd4 8. exd4 Nc6 9. Ngf3 a6 10. Bd3 b5 11. Ne5 Bb7 12. Qe2 Qc7 13. f4 h6 14. g4 Nd7 15. Ndf3 Ncxe5 16. fxe5 Nb6 17. g5 0-0-0 18. gxh6 gxh6 19. a3 Rdg8 20. 0-0-0 Nc4 21. Kb1 Kb8 22. Nd2 Rg3 23. Nf1 Rg5 24. Ne3 Rg3 25. Nc2 Qe7 26. Qf2 Rhg8 27. Bf1 R3g6 28. Qf4 Qf8 29. Rd3 Qg7 30. Rf3 Rg4 31. Qc1 Rh8 32. Rfh3 Rg6 33. b3 Na5 34. Kb2 f5 35. exf6 Rxf6 36. Qe3 Ka7 37. Ne1 Nc6 38. Nd3 Rhf8 39. Rg3 Qf7 40. Be2 Rg8 41. Rxg8 Qxg8 42. Bf3 Qf8 43. Ne5 Qg7 44. Ng4 Rg6 45. Rh4 h5 46. Nf2 Rg5 47. Nh3 Rf5 48. Nf2 Bc8 49. Nd3 Rg5 50. Qe2 1-0

[Event "Reykjavik op"]
[Site "Reykjavik"]
[Date "2017.04.24"]
[Round "7"]
[White "Mulleady, Peter J"]
[Black "Johannsson, Birkir Isak"]
[Result "1/2-1/2"]
[WhiteElo "1949"]
[BlackElo "1567"]
[PlyCount "133"]
[EventDate "2017.04.19"]
[EventType "swiss"]
[EventRounds "10"]
[EventCountry "ISL"]
[SourceTitle "CBM 178 Extra"]
[Source "ChessBase"]
[SourceDate "2017.06.22"]
[SourceVersion "1"]
[SourceVersionDate "2017.06.22"]
[SourceQuality "1"]

1. d4 d5 2. Bf4 c5 3. e3 cxd4 4. exd4 Nc6 5. c3 Bf5 6. Nf3 e6 7. Qb3 Qc8 8. Nh4 Bg6 9. Nxg6 hxg6 10. Nd2 Nf6 11. Nf3 a6 12. Bd3 Be7 13. 0-0 0-0 14. Rfe1 b5 15. a3 Nh5 16. Bd2 Na5 17. Qc2 Nc4 18. Bg5 Qd8 19. Bxe7 Qxe7 20. Ne5 Nf4 21. Bf1 Nxe5 22. Rxe5 Qd6 23. g3 Nh5 24. Rae1 Rab8 25. Bd3 Nf6 26. Qe2 Qd7 27. h4 a5 28. g4 b4 29. axb4 axb4 30. h5 gxh5 31. gxh5 bxc3 32. bxc3 Qd8 33. Bc2 Qc7 34. Qf3 Ne4 35. Bxe4 dxe4 36. R5xe4 Rb3 37. R4e3 Qe7 38. Qf4 Rb5 39. Re5 Qc7 40. Qg3 Rb3 41. R5e3 Rc8 42. Rc1 Kh7 43. Qg4 Qd8 44. h6 g6 45. Qf4 Rb7 46. c4 Re7 47. Qf6 Qf8 48. d5 Rd7 49. dxe6 fxe6 50. Qxe6 Rd2 51. Rf1 Rc5 52. Qg4 Qf6 53. Qe4 Rd4 54. Qb7+ Kxh6 55. Rh3+ Rh5 56. Rxh5+ gxh5 57. f4 Qg6+ 58. Kh1 Qe4+ 59. Qxe4 Rxe4 60. Rc1 Rxf4 61. c5 Rf7 62. Kg2 Kg5 63. c6 Rc7 64. Kf3 Kf5 65. Rc5+ Ke6 66. Ke4 Kd6 67. Rxh5 1/2-1/2

[Event "Reykjavik op"]
[Site "Reykjavik"]
[Date "2017.04.20"]
[Round "3"]
[White "Mulleady, Peter J"]
[Black "Guezennec, Franck"]
[Result "0-1"]
[WhiteElo "1949"]
[BlackElo "2271"]
[PlyCount "78"]
[EventDate "2017.04.19"]
[EventType "swiss"]
[EventRounds "10"]
[EventCountry "ISL"]
[SourceTitle "CBM 178 Extra"]
[Source "ChessBase"]
[SourceDate "2017.06.22"]
[SourceVersion "1"]
[SourceVersionDate "2017.06.22"]
[SourceQuality "1"]

1. d4 Nf6 2. Nf3 c5 3. c3 e6 4. e3 b6 5. Be2 Bb7 6. 0-0 d6 7. b4 cxb4 8. cxb4 Nbd7 9. Nc3 Be7 10. a4 0-0 11. Ba3 Rc8 12. Qd2 a6 13. Rac1 Rc7 14. b5 a5 15. Nb1 Ne4 16. Qd3 Ndf6 17. Rxc7 Qxc7 18. Rc1 Qb8 19. Nfd2 Rc8 20. f3 Rxc1+ 21. Bxc1 Nxd2 22. Bxd2 h5 23. e4 Nd7 24. Nc3 Bf6 25. f4 Be7 26. Bxh5 Qc8 27. Bd1 Nf6 28. Bc2 e5 29. Nd5 Bxd5 30. exd5 exd4 31. Be1 g6 32. Bd1 Nxd5 33. Qxd4 Qc5 34. Bf2 Nc3 35. Qd3 Qb4 36. Bxb6 Bf6 37. f5 gxf5 38. Bc2 Ne4 39. Be3 Qe1+ 0-1

[Event "BCF-chT3N 1617 (4NCL)"]
[Site "England"]
[Date "2017.02.12"]
[Round "6.63"]
[White "Mulleady, Peter J"]
[Black "Lyth, John D"]
[Result "1/2-1/2"]
[WhiteElo "2080"]
[BlackElo "1900"]
[PlyCount "125"]
[EventDate "2016.11.26"]
[EventType "team-swiss"]
[EventRounds "11"]
[EventCountry "ENG"]
[SourceTitle "EXT 2019"]
[Source "ChessBase"]
[SourceDate "2018.10.10"]
[SourceVersion "1"]
[SourceVersionDate "2018.10.10"]
[SourceQuality "1"]
[WhiteTeam "Manchester Manticores II"]
[BlackTeam "Manchester Manticores III"]
[WhiteTeamCountry "ENG"]
[BlackTeamCountry "ENG"]

1. d4 d5 2. Bf4 e6 3. Nf3 Bd6 4. Bxd6 cxd6 5. c3 Nf6 6. e3 0-0 7. Be2 b6 8. Na3 Bb7 9. 0-0 Nc6 10. Qc2 Ne7 11. Rad1 Qd7 12. Qb3 Rfc8 13. Qc2 Ng6 14. Qb1 Qe7 15. Nc2 Ne4 16. Nce1 Rc7 17. Nd2 Nxd2 18. Rxd2 Rac8 19. f4 f5 20. g4 Nf8 21. Nd3 g6 22. Rf3 Nd7 23. Rg3 Nf6 24. Nf2 Kh8 25. g5 Ne4 26. Nxe4 dxe4 27. Qd1 Bd5 28. a3 Bc4 29. Bxc4 Rxc4 30. h4 R4c7 31. h5 Rg8 32. hxg6 Rxg6 33. Rh2 d5 34. Rgh3 Qe8 35. Rh6 Rxh6 36. Rxh6 Rg7 37. Kf2 Rg6 38. Rh2 Rg7 39. Qb3 Kg8 40. Qb4 Qc6 41. Rh6 a5 42. Qb3 Rg6 43. Rh1 Rg7 44. a4 Rd7 45. Rh6 Rg7 46. Ke1 Rg6 47. Rh2 Rg7 48. Kd1 Rg6 49. Kc1 Rg7 50. Rh6 Rg6 51. Rxg6+ hxg6 52. Qb5 Qxb5 53. axb5 Kf7 54. b3 Ke7 55. Kb2 Kd6 56. Ka3 Kc7 57. Kb2 Kd6 58. Kc2 Kc7 59. c4 Kd6 60. Kc3 Kc7 61. c5 Kb7 62. c6+ Kc7 63. Kb2 1/2-1/2

[Event "BCF-chT3N 1617 (4NCL)"]
[Site "England"]
[Date "2017.02.11"]
[Round "5.85"]
[White "Bates, Ian W"]
[Black "Mulleady, Peter J"]
[Result "0-1"]
[WhiteElo "1855"]
[BlackElo "2080"]
[PlyCount "177"]
[EventDate "2016.11.26"]
[EventType "team-swiss"]
[EventRounds "11"]
[EventCountry "ENG"]
[SourceTitle "EXT 2019"]
[Source "ChessBase"]
[SourceDate "2018.10.10"]
[SourceVersion "1"]
[SourceVersionDate "2018.10.10"]
[SourceQuality "1"]
[WhiteTeam "Holmes Chapel"]
[BlackTeam "Manchester Manticores II"]
[WhiteTeamCountry "ENG"]
[BlackTeamCountry "ENG"]

1. e4 d5 2. exd5 Nf6 3. Bb5+ Bd7 4. Bc4 b5 5. Bb3 a5 6. a3 Na6 7. Nf3 Nc5 8. Ba2 Bf5 9. Qe2 Bxc2 10. Qxb5+ Nfd7 11. Qc4 Be4 12. Nc3 Nd3+ 13. Kf1 Nxc1 14. Rxc1 Bxf3 15. gxf3 Nb6 16. Qf4 Qd6 17. Qxd6 cxd6 18. Nb5 Kd8 19. Kg2 g6 20. Nd4 Bg7 21. Nc6+ Kd7 22. Rc2 Rhc8 23. Rhc1 Bf6 24. f4 Na4 25. b3 Nc5 26. Rc4 Bb2 27. R1c2 Bxa3 28. d4 Nd3 29. Kg3 h5 30. Re2 e6 31. dxe6+ fxe6 32. Rec2 Rf8 33. Bb1 Nxf4 34. Ra2 Bc1 35. Rxc1 g5 36. f3 Ra6 37. Be4 d5 38. Ne5+ Ke7 39. Rc7+ Kd8 40. Rd7+ Ke8 41. Rc2 Ra8 42. Rcc7 Rf6 43. Re7+ Kf8 44. Rf7+ Rxf7 45. Rxf7+ Ke8 46. Rh7 Ra6 47. Rh8+ Ke7 48. Ng6+ Kf6 49. Bb1 Ne2+ 50. Kf2 Nxd4 51. Rb8 Rc6 52. Nf8 Rc1 53. Bg6 h4 54. Be8 Rc3 55. Nh7+ Kf5 56. Bh5 Rxb3 57. Rf8+ Ke5 58. Nxg5 Rb2+ 59. Kg1 Ne2+ 60. Kf1 Nc3 61. f4+ Kd6 62. Rf6 a4 63. Rxe6+ Kc5 64. Ra6 Rb4 65. Ne6+ Kb5 66. Ra8 Kc4 67. f5 Ne4 68. Be2+ Kc3 69. Nc7 Rb1+ 70. Kg2 Rb2 71. Kf3 Ng5+ 72. Kg4 Rxe2 73. Kxg5 Rxh2 74. Nxd5+ Kd4 75. Ne7 Ke5 76. Rxa4 Rg2+ 77. Rg4 h3 78. Ng6+ Kd6 79. Nf4 Rxg4+ 80. Kxg4 h2 81. f6 h1Q 82. Kf5 Qh7+ 83. Kg5 Ke5 84. Ng6+ Ke4 85. Ne7 Qf7 86. Nf5 Ke5 87. Nh6 Qxf6+ 88. Kh5 Kf4 89. Nf7 0-1

[Event "BCF-chT3N 1617 (4NCL)"]
[Site "England"]
[Date "2017.01.15"]
[Round "4.43"]
[White "Mulleady, Peter J"]
[Black "Halfpenny, Glenn"]
[Result "1-0"]
[WhiteElo "2080"]
[BlackElo "2094"]
[PlyCount "97"]
[EventDate "2016.11.26"]
[EventType "team-swiss"]
[EventRounds "11"]
[EventCountry "ENG"]
[SourceTitle "EXT 2019"]
[Source "ChessBase"]
[SourceDate "2018.10.10"]
[SourceVersion "1"]
[SourceVersionDate "2018.10.10"]
[SourceQuality "1"]
[WhiteTeam "Manchester Manticores II"]
[BlackTeam "Ashfield Breadsall"]
[WhiteTeamCountry "ENG"]
[BlackTeamCountry "ENG"]

1. Nf3 d5 2. g3 Nf6 3. Bg2 c5 4. d3 Nc6 5. 0-0 h6 6. Nbd2 e5 7. e4 dxe4 8. Nxe4 Nxe4 9. dxe4 Bg4 10. c3 Bd6 11. Qc2 Qc7 12. Nd2 Be6 13. Qa4 a6 14. Nc4 Bxc4 15. Qxc4 b5 16. Qe2 c4 17. a4 0-0 18. Be3 Na5 19. axb5 axb5 20. f4 Nb3 21. Rxa8 Rxa8 22. fxe5 Bxe5 23. Qg4 Ra6 24. Rd1 Ra1 25. Rxa1 Nxa1 26. Qd1 Nb3 27. Qd5 b4 28. Bf1 bxc3 29. bxc3 Na5 30. Bd4 Bxd4+ 31. Qxd4 Kf8 32. Kf2 f6 33. Kf3 Qe5 34. Qxe5 fxe5 35. Kg4 g6 36. h4 Ke7 37. h5 Kf6 38. hxg6 Kxg6 39. Be2 Kf6 40. Kh5 Kg7 41. g4 Nb3 42. Bxc4 Nc5 43. Bd5 Nd7 44. g5 hxg5 45. Kxg5 Kf8 46. Kf5 Ke7 47. Bc6 Nb8 48. Bb5 Kd6 49. c4 1-0

[Event "BCF-chT3N 1617 (4NCL)"]
[Site "England"]
[Date "2016.11.26"]
[Round "1.75"]
[White "Mulleady, Peter J"]
[Black "Anderson, Paul W"]
[Result "1-0"]
[WhiteElo "2080"]
[BlackElo "1756"]
[PlyCount "55"]
[EventDate "2016.11.26"]
[EventType "team-swiss"]
[EventRounds "11"]
[EventCountry "ENG"]
[SourceTitle "EXT 2019"]
[Source "ChessBase"]
[SourceDate "2018.10.10"]
[SourceVersion "1"]
[SourceVersionDate "2018.10.10"]
[SourceQuality "1"]
[WhiteTeam "Manchester Manticores"]
[BlackTeam "Jorvik"]
[WhiteTeamCountry "ENG"]
[BlackTeamCountry "ENG"]

1. c4 Nf6 2. Nc3 e6 3. g3 Nc6 4. Bg2 g6 5. e4 d6 6. Nge2 Bg7 7. 0-0 0-0 8. d4 e5 9. d5 Ne7 10. a3 Nd7 11. Be3 f5 12. f3 b6 13. b4 f4 14. Bf2 Ba6 15. Qb3 g5 16. c5 g4 17. c6 gxf3 18. Bxf3 fxg3 19. Bxg3 Nf6 20. a4 Ng6 21. a5 Bxe2 22. Bxe2 Qe7 23. Ra2 Bh6 24. Kh1 Kh8 25. Qd1 Ng8 26. axb6 axb6 27. Rxf8 Rxa2 28. Rxg8+ 1-0

[Event "BCF-chT3Nc 1516 (4NCL)"]
[Site "England"]
[Date "2016.05.01"]
[Round "10.85"]
[White "Wallace, Paul Anthony"]
[Black "Mulleady, Peter J"]
[Result "1-0"]
[WhiteElo "2240"]
[BlackElo "2042"]
[PlyCount "105"]
[EventDate "2016.03.20"]
[EventType "team-swiss"]
[EventRounds "11"]
[EventCountry "ENG"]
[SourceTitle "EXT 2017"]
[Source "ChessBase"]
[SourceDate "2016.10.25"]
[SourceVersion "1"]
[SourceVersionDate "2016.10.25"]
[SourceQuality "1"]
[WhiteTeam "Cheddleton II"]
[BlackTeam "Manchester Manticores II"]
[WhiteTeamCountry "ENG"]
[BlackTeamCountry "ENG"]

1. e4 Nf6 2. e5 Nd5 3. d4 d6 4. Nf3 g6 5. Bc4 c6 6. 0-0 Bg7 7. Nbd2 dxe5 8. Nxe5 0-0 9. Ndf3 Nd7 10. c3 Nxe5 11. Nxe5 Be6 12. Qe2 Qd6 13. Re1 Nb6 14. Bd3 Rae8 15. Bf4 Qd8 16. Rad1 Qc8 17. Bc2 c5 18. dxc5 Qxc5 19. Nd3 Qb5 20. Be5 Bxe5 21. Qxe5 Qxe5 22. Nxe5 Rd8 23. Be4 Bd5 24. Bxd5 Nxd5 25. c4 Nf6 26. f3 Rxd1 27. Rxd1 Rc8 28. b3 Kf8 29. g4 g5 30. a4 Ke8 31. Kf2 Rc5 32. Nd3 Rc7 33. Ke3 Rd7 34. h4 h6 35. hxg5 hxg5 36. Rh1 Rd6 37. Nc5 Nd7 38. Rh8+ Nf8 39. Nxb7 Re6+ 40. Kf2 Rb6 41. Nc5 Rd6 42. a5 f6 43. Ke3 Kf7 44. b4 Rd1 45. Nd3 Ra1 46. c5 Ra3 47. Kd4 Ne6+ 48. Kc4 a6 49. Ra8 Nf4 50. Nxf4 gxf4 51. c6 Ra1 52. Kc5 e5 53. c7 1-0